[Event "Leca da Palmeira op 1st"]
[Site "Leca da Palmeira"]
[Date "2022.07.31"]
[Round "2"]
[White "Pierrot, Juan Facundo"]
[Black "Gundepudi, Harisurya Bharadwaj"]
[Result "1-0"]
[WhiteElo "2371"]
[BlackElo "1924"]
[PlyCount "83"]
[EventDate "2022.07.31"]
[EventType "swiss"]
[EventRounds "9"]
[EventCountry "POR"]
[SourceTitle "CBM 209 Extra"]
[Source "ChessBase"]
[SourceDate "2022.09.30"]
[SourceVersion "1"]
[SourceVersionDate "2022.09.30"]
[SourceQuality "1"]

1. e4 c6 2. d4 d5 3. Nd2 dxe4 4. Nxe4 Nf6 5. Nxf6+ exf6 6. c3 Bd6 7. Bd3 0-0 8. Ne2 Re8 9. 0-0 Nd7 10. Bf4 Nf8 11. Qd2 Bg4 12. Rfe1 Bxe2 13. Bxe2 Qc7 14. Bg3 Bxg3 15. hxg3 Re7 16. Bc4 Rae8 17. Rxe7 Qxe7 18. b4 Nd7 19. a4 g6 20. a5 f5 21. d5 cxd5 22. Bxd5 Nf6 23. Bf3 Kg7 24. Qd4 Qc7 25. c4 b6 26. axb6 axb6 27. Rc1 Rd8 28. Qb2 Rb8 29. Qa1 Qe7 30. c5 bxc5 31. bxc5 Rc8 32. Qd4 Qd7 33. Qc3 Rc7 34. c6 Qe6 35. Re1 Qd6 36. Rb1 Qe7 37. Rb7 Qd6 38. Rxc7 Qxc7 39. g4 fxg4 40. Bxg4 g5 41. Bf5 h6 42. g4 1-0

[Event "Veliko Gradiste Silver Lake op-A"]
[Site "Veliko Gradiste"]
[Date "2019.06.23"]
[Round "9"]
[White "Gundepudi, Harisurya Bharadwaj"]
[Black "Egorova, Ayyna"]
[Result "0-1"]
[WhiteElo "1807"]
[BlackElo "1907"]
[PlyCount "62"]
[EventDate "2019.06.16"]
[EventType "swiss"]
[EventRounds "9"]
[EventCountry "SRB"]
[SourceTitle "CBM 191 Extra"]
[Source "ChessBase"]
[SourceDate "2019.09.30"]
[SourceVersion "1"]
[SourceVersionDate "2019.09.30"]
[SourceQuality "1"]

1. d4 f5 2. e4 fxe4 3. Nc3 Nf6 4. Bg5 g6 5. h4 d5 6. h5 Bg4 7. Be2 Bxe2 8. Qxe2 Nc6 9. 0-0-0 Qd7 10. f3 Nxh5 11. Rxh5 gxh5 12. fxe4 Qg4 13. Qxg4 hxg4 14. exd5 Nd8 15. Bf4 Kd7 16. Ne4 b6 17. Ne2 h5 18. Rh1 Nf7 19. g3 Bh6 20. Rxh5 Bxf4+ 21. Nxf4 Rxh5 22. Nxh5 Rh8 23. Nf4 Rh2 24. Nd3 Nh6 25. Nef2 Kc8 26. Kd1 Rg2 27. Ne4 Nf5 28. Ne5 Nxg3 29. Ng5 Nf5 30. Ne6 Ne3+ 31. Ke1 Rxc2 0-1